header

The next step in guided reading : (Record no. 265328)

MARC details
000 -LEADER
fixed length control field 01462cam a2200409 a 4500
001 - CONTROL NUMBER
control field 16156786
003 - CONTROL NUMBER IDENTIFIER
control field OSt
005 - DATE AND TIME OF LATEST TRANSACTION
control field 20251125071256.0
008 - FIXED-LENGTH DATA ELEMENTS--GENERAL INFORMATION
fixed length control field 100326s2009 nyua c 000 0 eng d
010 ## - LIBRARY OF CONGRESS CONTROL NUMBER
LC control number 2010275986
020 ## - INTERNATIONAL STANDARD BOOK NUMBER
International Standard Book Number 9780545133616
International Standard Book Number 0545133610
035 ## - SYSTEM CONTROL NUMBER
System control number 16156786
System control number (OCoLC)369144883
040 ## - CATALOGING SOURCE
Original cataloging agency BTCTA
Transcribing agency BTCTA
Modifying agency FST
-- DLC
042 ## - AUTHENTICATION CODE
Authentication code lccopycat
050 00 - LIBRARY OF CONGRESS CALL NUMBER
Classification number LB1050.377
Item number .R53 2009
082 00 - DEWEY DECIMAL CLASSIFICATION NUMBER
Classification number 372.41/62
Edition number 22
100 1# - MAIN ENTRY--PERSONAL NAME
Personal name Richardson, Jan.
245 14 - TITLE STATEMENT
Title The next step in guided reading :
Remainder of title focused assessments and targeted lessons for helping every student become a better reader /
Statement of responsibility, etc Jan Richardson.
260 ## - PUBLICATION, DISTRIBUTION, ETC. (IMPRINT)
Place of publication, distribution, etc New York :
Name of publisher, distributor, etc Scholastic Inc.,
Date of publication, distribution, etc c2009.
300 ## - PHYSICAL DESCRIPTION
Extent 288 p. :
Other physical details ill. ;
Dimensions 28 cm.
336 ## - CONTENT TYPE
Content type term text
Content type code txt
Source rdacontent
337 ## - MEDIA TYPE
Media type term unmediated
Media type code n
Source rdamedia
338 ## - CARRIER TYPE
Carrier type term volume
Carrier type code nc
Source rdacarrier
500 ## - GENERAL NOTE
General note Grades K-8.
650 #0 - SUBJECT ADDED ENTRY--TOPICAL TERM
Topical term or geographic name as entry element Guided reading.
Topical term or geographic name as entry element Reading (Primary)
Topical term or geographic name as entry element Reading (Elementary)
Topical term or geographic name as entry element Reading (Middle school)
856 42 - ELECTRONIC LOCATION AND ACCESS
Materials specified Contributor biographical information
Uniform Resource Identifier <a href="http://www.loc.gov/catdir/enhancements/fy1402/2010275986-b.html">http://www.loc.gov/catdir/enhancements/fy1402/2010275986-b.html</a>
Materials specified Publisher description
Uniform Resource Identifier <a href="http://www.loc.gov/catdir/enhancements/fy1402/2010275986-d.html">http://www.loc.gov/catdir/enhancements/fy1402/2010275986-d.html</a>
906 ## - LOCAL DATA ELEMENT F, LDF (RLIN)
a 7
b cbc
c copycat
d 2
e ncip
f 20
g y-gencatlg
942 ## - ADDED ENTRY ELEMENTS (KOHA)
Source of classification or shelving scheme Library of Congress Classification
Koha item type Long Loan Books
Holdings
Withdrawn status Lost status Source of classification or shelving scheme Damaged status Not for loan Collection code Home library Current library Shelving location Date acquired Source of acquisition Total Checkouts Full call number Barcode Date last seen Price effective from Koha item type
    Library of Congress Classification     Non-fiction Rongo University Library Rongo University Library General Stacks 25/11/2025 Books for Africa (Donation)   LB1050.377 .R53 2009 20260698 25/11/2025 25/11/2025 Long Loan Books
    Library of Congress Classification     Non-fiction Rongo University Library Rongo University Library General Stacks 09/12/2025 Books for Africa, Donation   LB1050.377 .R53 2009 20260835 09/12/2025 09/12/2025 Long Loan Books

© 2026 Rongo University
Contact us: librarian | system librarian | Rongo university